Welcome to CU Library Online Public Access Catalogue (OPAC)

When your world makes no sense / (Record no. 4750)

MARC details
000 -LEADER
fixed length control field 00614cam a2200205 a 4500
001 - CONTROL NUMBER
control field 1525623
005 - DATE AND TIME OF LATEST TRANSACTION
control field 20250313114158.0
008 - FIXED-LENGTH DATA ELEMENTS--GENERAL INFORMATION
fixed length control field 900111s1990 tnu 000 0 eng
020 ## - INTERNATIONAL STANDARD BOOK NUMBER
International Standard Book Number 0840790171
050 00 - LIBRARY OF CONGRESS CALL NUMBER
Classification number BV4509.5
Item number .C56 1990
082 00 - DEWEY DECIMAL CLASSIFICATION NUMBER
Classification number 248.8/4/019
Edition information 20
100 1# - MAIN ENTRY--PERSONAL NAME
Personal name Cloud, Henry.
245 10 - TITLE STATEMENT
Title When your world makes no sense /
Statement of responsibility, etc. by Henry Cloud.
260 ## - PUBLICATION, DISTRIBUTION, ETC.
Place of publication, distribution, etc. Nashville, Tenn. :
Name of publisher, distributor, etc. Oliver Nelson Books,
Date of publication, distribution, etc. c1990.
300 ## - PHYSICAL DESCRIPTION
Extent 288 p. ;
Dimensions 22 cm.
650 #0 - SUBJECT ADDED ENTRY--TOPICAL TERM
Topical term or geographic name entry element Emotional maturity
General subdivision Religious aspects
-- Christianity.
650 #0 - SUBJECT ADDED ENTRY--TOPICAL TERM
Topical term or geographic name entry element Christianity
General subdivision Psychology.
650 #0 - SUBJECT ADDED ENTRY--TOPICAL TERM
Topical term or geographic name entry element Christian life.
942 ## - ADDED ENTRY ELEMENTS (KOHA)
Source of classification or shelving scheme Library of Congress Classification
Koha item type Books
Suppress in OPAC No
999 ## -
-- 4750
-- 4750
Holdings
Withdrawn status Lost status Source of classification or shelving scheme Damaged status Not for loan Collection Home library Current library Shelving location Date acquired Total checkouts Full call number Barcode Date last seen Copy number Price effective from Koha item type
    Library of Congress Classification     Non-fiction Graduate Library (Christ Temple) Graduate Library (Christ Temple) General stacks 03/13/2025   BV 4509.5 GSCT00000618 03/13/2025 1 03/13/2025 Books
© 2023-2024 Copyright: Central University Libraries. All Rights Reserved | Created by: Mahone Tech Office